| 000 | 02826nam a2200445 c 4500 | ||
|---|---|---|---|
| 003 | BLK | ||
| 005 | 20180422105615.0 | ||
| 008 | 180409b bul|||||r ||||||| ||bul|| | ||
| 010 | _aKNG00109687000 | ||
| 020 |
_a954-430-935-7 _bиздат.: Акад. изд. Проф. Марин Дринов |
||
| 040 | _aBLK | ||
| 041 |
_aBUL _cBUL |
||
| 080 |
_aВоля. Желание. Свобода на волята. Избор. Решение. Възпитаване на волята. Детерминация. Самодисциплина. Намерения. Подбуди. Желания _b159.947 _x _z159.947 |
||
| 080 |
_aСоциално поведение. Девиантно поведение. Социална патология. Активност и пасивност, конвенционално поведение, мотивация, потребности, стремежи _b316.62 _x _z316.62 |
||
| 080 |
_aСоциални въпроси в цялост. Критика на социалната организация. Социални реформо(общо). Практически социални проблеми. Социална политика (общи въпроси). Вж и 141.82;308;331;351.83 _b304 _x(497.2) _z304(497.2) |
||
| 100 | 1 |
_aБожинова, Румяна _eпърви автор _9309963 |
|
| 700 | 1 |
_aВеличков, Ангел Илиев _eпредг. от _9375113 |
|
| 700 | 1 |
_aМанова, Румяна Божинова _e* _9309964 |
|
| 139 |
_aБожинова, Румяна _bБ 56 |
||
| 245 | 1 | 0 |
_aПсихология на свободата и ситуацията на социална промяна _cРумяна Божинова; предг. от Ангел Илиев Величков; * Румяна Божинова Манова. |
| 257 | _aBGR | ||
| 260 |
_аСофия _bАкад. изд. Проф. Марин Дринов _c2003 |
||
| 300 |
_a175 с. _bс диагр., табл. _c20 см |
||
| 380 | _a1 | ||
| 500 | _aПълното име на авт. е Румяна Божинова Манова. - Изд. на БАН. Инст. по психология. - Офс. изд. - Библиогр. с. 164-172. | ||
| 650 | 4 |
_aСвобода (филос.) _9247404 |
|
| 650 | 4 |
_aЛичност и общество _9243183 |
|
| 650 | 4 |
_aБългария - обществено устройство и обществени отношения _9263904 |
|
| 650 | 4 |
_aСоциална психология _9243161 |
|
| 653 | _aсвобода | ||
| 653 | _aсвобода на личността | ||
| 653 | _aобществено устройство | ||
| 653 | _aсоциална психология | ||
| 653 | _aБългария | ||
| 852 | _aЦб 217166 | ||
| 856 | 4 |
_qpdf _u |
|
| 856 | 4 |
_qpdf _u |
|
| 942 |
_cKNG _n0 |
||
| 944 |
_aCR _c15.12.2003 _kЛюдмила_Стоянова |
||
| 944 |
_aED _c25.05.2004 _k |
||
| 999 |
_c104580 _d104580 |
||